| 000 | 00568nam a22001937a 4500 | ||
|---|---|---|---|
| 005 | 20260514145730.0 | ||
| 010 | _aENG-148470 | ||
| 020 |
_a9788119670123 _c350.00 |
||
| 035 | _aEN-132002 | ||
| 037 | _bDBAD | ||
| 082 |
_aN _21 |
||
| 100 |
_aRao, G V Subba _989105 |
||
| 245 |
_aThe Last Witness: _bA Suspense thriller/ _c G V Subba Rao |
||
| 250 | _a1 | ||
| 260 |
_aNew Delhi _bVitasta Publishing Pvt Ltd _c2024 |
||
| 270 |
_a2/15, Ansari Road daryaganj, _bNew Delhi _e110002 _minfo@vitastapublishing.com |
||
| 300 |
_a226p. _c21cm(pb) |
||
| 942 |
_2ddc _cEN _hN _mRAO |
||
| 999 |
_c216203 _d216203 |
||